Lò hơi

Nội dung sách đề cập về nhiên liệu và vấn đề đốt nhiên liệu trong các lò hơi, các quá trình lý hóa xảy ra trong lò hơi, quá trình truyền nhiệt, thuỷ động, khí động, sinh hơi và chế độ nước, đặc điểm cấu tạo và nguyên lý làm việc, vạ...

全面介紹

Đã lưu trong:
書目詳細資料
主要作者: Nguyễn, Sỹ Mão
格式: 圖書
語言:Undetermined
出版: Hà Nội Khoa học và Kỹ thuật 2006
主題:
標簽: 添加標簽
沒有標簽, 成為第一個標記此記錄!
Thư viện lưu trữ: Trung tâm Học liệu Trường Đại học Cần Thơ
LEADER 01080nam a2200217Ia 4500
001 CTU_128357
008 210402s9999 xx 000 0 und d
020 |c 52000 
082 |a 621.402 
082 |b M108/T.2 
100 |a Nguyễn, Sỹ Mão 
245 0 |a Lò hơi 
245 0 |c Nguyễn Sỹ Mão 
260 |a Hà Nội 
260 |b Khoa học và Kỹ thuật 
260 |c 2006 
520 |a Nội dung sách đề cập về nhiên liệu và vấn đề đốt nhiên liệu trong các lò hơi, các quá trình lý hóa xảy ra trong lò hơi, quá trình truyền nhiệt, thuỷ động, khí động, sinh hơi và chế độ nước, đặc điểm cấu tạo và nguyên lý làm việc, vật lý chế tạo và tính sức bền, các trang bị phụ, vấn đề vận hành lò hơi. 
650 |a Heating engineering,Heating equipment industry 
650 |x Lò hơi 
904 |i Giang 
980 |a Trung tâm Học liệu Trường Đại học Cần Thơ